LEADER 01394nam 2200253la 450 001 9910481381003321 005 20230503095212.0 035 $a(UK-CbPIL)2090356953 035 $a(CKB)5500000000096832 035 $a(EXLCZ)995500000000096832 100 $a20230503d1522 uy | 101 0 $alat 135 $aurcn||||a|bb| 200 10$aQuæ in toto Opere continentur. L. Apuleij Madaurensis, Metamorphoseon siue de Asino aureo. Libri 11. Floridorum. Libri 4. De deo Socratis libellus. Apologiæ libri 2. Trismegisti dialogus. De mundo siue de Cosmographia Liber 1. omnes ante nostram impressionem mutilati, nunc autem ad fidem uetustissimi Codicis, diligentissime recogniti ac castigati 210 $aFlorence $c[s.n.]$d1522 215 $aOnline resource ([8], 273 [i.e. 255], [1] c., 8º) 300 $aReproduction of original in Biblioteca Nazionale Centrale di Firenze. 700 $aApuleius$0439295 801 0$bUk-CbPIL 801 1$bUk-CbPIL 906 $aBOOK 912 $a9910481381003321 996 $aQuæ in toto Opere continentur. L. Apuleij Madaurensis, Metamorphoseon siue de Asino aureo. Libri 11. Floridorum. Libri 4. De deo Socratis libellus. Apologiæ libri 2. Trismegisti dialogus. De mundo siue de Cosmographia Liber 1. omnes ante nostram impressionem mutilati, nunc autem ad fidem uetustissimi Codicis, diligentissime recogniti ac castigati$92083539 997 $aUNINA